1283 1379 1277 1603 1122 1338 1139 1688 1114 1887 1807 1712 1357 1108 1014 1821 1313 1529 1947 1666 1959 1483 1742 1704 1300 1682 1270 1699 1751 1917 1818 1062 1937 1721 1723 1953 1390 1779 1607 1989 1073 1013 1063 1972 1520 1580 1625 1468 1234 1444 1576 1639 1833 1098 1901 1347 1757 1317 1073 1634 1176 1932 1857 1362 1589 1047 1203 1131 1103 1476 1315 1978 1184 1892 1584 1852 1740 1561 1182 1687 1730 1936 1421 1969 1296 1529 1268 1683 1802 1710 1100 1144 1344 1437 1629 1298 1859 1291 1301 BCNSPRNW ULIB Ver.6.0+V

เปลี่ยนเป็นภาษาไทย

Change to English
 แสดงรายละเอียดบรรณานุกรม
  กลับหน้าหลัก

Brief Record : Get Marc (ISO 2709) : E-mail record : QR code < ปิดหน้าต่าง
LEADER : 00000nam 2200000uu 4500
001    13399114704
003     ULIB
008    120110s2555||||th 000 0 tha d
099    วจ.WY18^bอ488ก
100 0  อังคณาพร สอนง่าย
245 00 การประเมินผลจัดการเรียนการสอนตามสภาพจริง ในรายวิชาการจัดการความรู้สุขภาพชุมชนแบบองค์รวม ของนักศึกษาหลักสูตรประกาศนียบัตรสาธารณสุขศาสตร์(สาธารณสุขชุมชน)/^cอังคณาพร สอนง่าย และคณะ
260    พิษณุโลก :^bวิทยาลัยการสาธารณสุขสิรินธร จังหวัดพิษณุโลก,^c2555
300    60 หน้า :^bตาราง
500    รายงานการวิจัย
650  7 การจัดการเรียนการสอน^xวิจัย
700 02 จงดี ขจรไชยกูล
700 02 ลือวุฒิ บานเย็น
700 02 สรรเพ็ชญ์ อินทะพันธุ์
700 02 โสภา ศรีทอง
710 1  วิทยาลัยการสาธารณสุขสิรินธร จังหวัดพิษณุโลก
945    ^p0^l0^i031718
995    ทศพร
999 ^a ทศพร
รายการนี้ยังไม่มีแท็ก
คุณยังไม่ได้ล็อกอิน คุณสามารถมีกิจกรรมร่วมกับเว็บไซต์ได้ แต่ต้องล็อกอินก่อน ::
  ล็อกอิน

รายการสื่อสารสนเทศ

ลำดับที่ ประเภท เลขเรียก/บาร์โค้ด สถานที่ สถานะ
1. งานวิจัย
งานวิจัย
วจ.WY18 อ488ก ฉ.1 
  Barcode: 031718
ห้องสมุดวิทยาเขตสวรรค์ประชารักษ์
►วิจัย
บนชั้น

รายการใกล้เคียง
    ผู้แต่ง [อังคณาพร สอนง่าย]

BibComment


ยังไม่เคยถูกคอมเมนท์

คอมเมนท์ทรัพยากรรายการนี้
  คอมเมนท์: การประเมินผลจัดกา..


 Copyright 2026. Bcnsprnw @Library